000 01028cam a2200229 4500
001 ABS65656
008 020701n2002 000 0 eng u
035 _a(Sirsi) u118623
100 _aSydenham, A.
245 4 _aThe Land Registration Act 2002
260 _c2002
490 _aFarm Tax Brief
_v17(5) June 2002, 7-8(2)
520 _aThe Land Registration Act 2002 received Royal Assent on 26 February 2002 and many of the provisions are expected to come into force in October 2003. Electronic conveyancing has received great attention surrounding this act. But this article aims to show that there are other major changes to the law relating to registered land. Areas discussed are extensions of interests which must be registered; voluntary registration and overriding interests.
590 _aABS
650 _aLAND REGISTRATION ACT 2002
650 _aVOLUNTARY REGISTRATION
650 _aOVERRIDING INTERESTS
650 _aREGISTERED LAND
650 _aREVERSIONARY LEASES
690 _aPROPERTY
942 _n0
999 _c70641
_d70641